[Event "Issykkul op-A"]
[Site "Korumdu"]
[Date "2025.06.29"]
[Round "9"]
[White "Bubnova, Uliana"]
[Black "Mansurova, Mumtozbegim"]
[Result "1-0"]
[WhiteElo "1900"]
[BlackElo "1800"]
[PlyCount "103"]
[EventDate "2025.06.21"]
[EventType "swiss"]
[EventRounds "9"]
[EventCountry "KGZ"]
[SourceTitle "CB27_2025"]
[SourceDate "2025.07.02"]
[SourceVersion "1"]
[SourceVersionDate "2025.07.02"]
[SourceQuality "1"]

1. e4 c5 2. Nf3 Nc6 3. Bb5 e6 4. Bxc6 bxc6 5. d3 Ne7 6. Nbd2 Ng6 7. h4 h5 8. e5 Qc7 9. Qe2 Be7 10. Nc4 Ba6 11. Bg5 Bxc4 12. dxc4 f6 13. exf6 gxf6 14. Bd2 0-0-0 15. 0-0-0 Kb8 16. Bc3 Ka8 17. b3 Rdg8 18. g3 Nf8 19. Rhe1 Rh7 20. Qd3 Rf7 21. Nh2 Qb7 22. Qf3 Rh7 23. Bxf6 Rf7 24. Qxh5 Rxf6 25. Qe8+ Qb8 26. Qxe7 Rxf2 27. Nf1 Rf5 28. Kb1 Qb4 29. Kb2 Rf3 30. Re3 Rxe3 31. Nxe3 Qb8 32. Qxc5 Qxg3 33. Qd4 Qg6 34. c5 Qg7 35. Nc4 Qxd4+ 36. Rxd4 Kb7 37. Ne5 Kc7 38. Ra4 Kb7 39. Rf4 Kc8 40. h5 Kd8 41. h6 Ke8 42. Nf7 Ke7 43. Nd6 Rh8 44. Rf7+ Kd8 45. Kc3 Kc7 46. Ne8+ Kc8 47. Nf6 Ng6 48. h7 Ne5 49. Rg7 Kb7 50. Kd4 Nf3+ 51. Ke4 Nh4 52. Rg8 1-0

[Event "Issykkul op-A"]
[Site "Korumdu"]
[Date "2025.06.28"]
[Round "8"]
[White "Yunusov, Nuriddin"]
[Black "Bubnova, Uliana"]
[Result "1-0"]
[WhiteElo "1953"]
[BlackElo "1900"]
[PlyCount "89"]
[EventDate "2025.06.21"]
[EventType "swiss"]
[EventRounds "9"]
[EventCountry "KGZ"]
[SourceTitle "CB27_2025"]
[SourceDate "2025.07.02"]
[SourceVersion "1"]
[SourceVersionDate "2025.07.02"]
[SourceQuality "1"]

1. e4 e5 2. Nf3 Nc6 3. Bb5 a6 4. Ba4 Nf6 5. 0-0 Bc5 6. c3 0-0 7. d4 Ba7 8. Bg5 d6 9. Bxc6 bxc6 10. dxe5 dxe5 11. Qxd8 Rxd8 12. Nxe5 Re8 13. Bxf6 gxf6 14. Nxc6 Rxe4 15. Nxa7 Rxa7 16. b3 c5 17. c4 Re2 18. Nc3 Rc2 19. Rfc1 Rxc1+ 20. Rxc1 Re7 21. Rd1 Bf5 22. h3 Bg6 23. Kh2 Kg7 24. Kg3 Re6 25. Rd5 Rc6 26. Na4 Bb1 27. Nc3 Bg6 28. f3 Bc2 29. Na4 Bb1 30. Nc3 Bc2 31. Kf2 Kg6 32. g4 Kg7 33. f4 f5 34. Rd2 Be4 35. Nxe4 fxe4 36. Ke3 Rh6 37. Kxe4 Rxh3 38. Kd5 Rf3 39. Kxc5 Rxf4 40. Kb6 Rxg4 41. c5 Rb4+ 42. Kxa6 Rb8 43. c6 h5 44. c7 Rc8 45. Kb7 1-0

[Event "Issykkul op-A"]
[Site "Korumdu"]
[Date "2025.06.26"]
[Round "6"]
[White "Bubnova, Uliana"]
[Black "Zhunusbekova, Aymunzhok"]
[Result "1/2-1/2"]
[WhiteElo "1900"]
[BlackElo "1890"]
[PlyCount "44"]
[EventDate "2025.06.21"]
[EventType "swiss"]
[EventRounds "9"]
[EventCountry "KGZ"]
[SourceTitle "CB27_2025"]
[SourceDate "2025.07.02"]
[SourceVersion "1"]
[SourceVersionDate "2025.07.02"]
[SourceQuality "1"]

1. d4 Nf6 2. Nf3 g6 3. c4 Bg7 4. g3 d6 5. Bg2 0-0 6. 0-0 Nc6 7. Nc3 e5 8. dxe5 dxe5 9. Bg5 Be6 10. Qa4 Qc8 11. Rfd1 Nd7 12. Nd5 Re8 13. Be3 h6 14. Rac1 f5 15. b4 e4 16. Nd4 Nxd4 17. Bxd4 Ne5 18. Ba1 c6 19. Nf4 Bf7 20. h4 Qc7 21. b5 Red8 22. c5 cxb5 1/2-1/2

[Event "Swiss Queens Wed #45"]
[Site "FIDE Online Arena INT"]
[Date "2024.12.04"]
[Round "10"]
[White "Bubnova, Uliana"]
[Black "Hrebenshchykova, Yelyzaveta"]
[Result "0-1"]
[WhiteElo "1902"]
[BlackElo "2287"]
[PlyCount "62"]
[EventDate "2024.12.04"]
[EventType "swiss (blitz)"]
[EventRounds "11"]
[EventCountry "NET"]
[SourceTitle "CB50_2024"]
[SourceDate "2024.11.01"]
[SourceVersion "1"]
[SourceVersionDate "2024.11.01"]
[SourceQuality "2"]

1. e4 c5 2. Nf3 e6 3. d4 cxd4 4. Nxd4 Nc6 5. Nc3 d6 6. Be3 Nf6 7. Qd2 a6 8. 0-0-0 Bd7 9. Bg5 b5 10. f3 Rb8 11. h4 b4 12. Nb1 h6 13. Bxf6 Qxf6 14. Nxc6 Bxc6 15. g4 Qxf3 16. Bd3 Qxg4 17. Rdf1 Be7 18. Rhg1 Qxh4 19. Rxg7 Bg5 20. Rxg5 Qxg5 21. Qxg5 hxg5 22. Nd2 Ke7 23. Nf3 Rbg8 24. Bxa6 g4 25. Nd4 Bd7 26. Be2 g3 27. Bf3 g2 28. Rg1 Rh1 29. Ne2 Bb5 30. Rxh1 gxh1Q+ 31. Bxh1 Bxe2 0-1

[Event "Swiss Queens Wed #45"]
[Site "FIDE Online Arena INT"]
[Date "2024.12.04"]
[Round "6"]
[White "Bubnova, Uliana"]
[Black "Venskaya, Nika"]
[Result "1-0"]
[WhiteElo "1902"]
[BlackElo "1875"]
[PlyCount "63"]
[EventDate "2024.12.04"]
[EventType "swiss (blitz)"]
[EventRounds "11"]
[EventCountry "NET"]
[SourceTitle "CB50_2024"]
[SourceDate "2024.11.01"]
[SourceVersion "1"]
[SourceVersionDate "2024.11.01"]
[SourceQuality "2"]

1. e4 c5 2. Nf3 d6 3. d4 cxd4 4. Nxd4 Nf6 5. Nc3 g6 6. Be3 Bg7 7. Bc4 0-0 8. f3 Nc6 9. Bb3 Nxd4 10. Bxd4 Be6 11. Qd2 Qa5 12. h4 h5 13. Bxe6 fxe6 14. 0-0-0 Rac8 15. Kb1 Rc4 16. Be3 Nd7 17. Ne2 Qc7 18. Rc1 e5 19. Nc3 Nf6 20. g4 b5 21. gxh5 b4 22. Nd5 Nxd5 23. Qxd5+ Kh8 24. hxg6 Rxf3 25. Qd2 Rxe4 26. Bh6 Qd7 27. Bxg7+ Kxg7 28. h5 Ref4 29. h6+ Kxg6 30. h7 Rf8 31. Qg2+ Kf7 32. Qxf3+ 1-0

[Event "Swiss Queens Wed #45"]
[Site "FIDE Online Arena INT"]
[Date "2024.12.04"]
[Round "7"]
[White "Bubnova, Uliana"]
[Black "Vidruska, Renate"]
[Result "0-1"]
[WhiteElo "1902"]
[BlackElo "2044"]
[PlyCount "94"]
[EventDate "2024.12.04"]
[EventType "swiss (blitz)"]
[EventRounds "11"]
[EventCountry "NET"]
[SourceTitle "CB50_2024"]
[SourceDate "2024.11.01"]
[SourceVersion "1"]
[SourceVersionDate "2024.11.01"]
[SourceQuality "2"]

1. e4 e5 2. Nf3 Nf6 3. Nc3 Nc6 4. d4 exd4 5. Nxd4 Bb4 6. Nxc6 bxc6 7. Bd3 d5 8. exd5 0-0 9. 0-0 cxd5 10. Bg5 c6 11. Qf3 Bd6 12. Rad1 h6 13. Bxf6 Qxf6 14. Qxf6 gxf6 15. Ne2 Rb8 16. b3 Kh8 17. Nd4 Bd7 18. c4 c5 19. Nf5 Bxf5 20. Bxf5 d4 21. Rfe1 Rfe8 22. Kf1 Re5 23. Bd3 Kg7 24. g3 Rbe8 25. f4 Re3 26. Kf2 a5 27. Re2 Rxe2+ 28. Bxe2 a4 29. bxa4 Ra8 30. Rb1 Rxa4 31. Rb2 Ra3 32. Rd2 Bc7 33. Rb2 Ba5 34. Rb7 Bd2 35. Bh5 Be3+ 36. Ke2 Rxa2+ 37. Kd3 Rxh2 38. Rxf7+ Kg8 39. Bg6 Rg2 40. Rxf6 Rxg3 41. Ke4 Bc1 42. Bh5 d3 43. Rxh6 d2 44. Rc6 Rh3 45. Be2 Re3+ 46. Kxe3 d1Q+ 47. Kf3 Qh1+ 0-1

[Event "Swiss Queens Wed #45"]
[Site "FIDE Online Arena INT"]
[Date "2024.12.04"]
[Round "5"]
[White "Garau, Francesca"]
[Black "Bubnova, Uliana"]
[Result "1-0"]
[WhiteElo "1908"]
[BlackElo "1902"]
[PlyCount "89"]
[EventDate "2024.12.04"]
[EventType "swiss (blitz)"]
[EventRounds "11"]
[EventCountry "NET"]
[SourceTitle "CB50_2024"]
[SourceDate "2024.11.01"]
[SourceVersion "1"]
[SourceVersionDate "2024.11.01"]
[SourceQuality "2"]

1. e4 e5 2. Nf3 Nc6 3. Bc4 Nf6 4. d3 Be7 5. 0-0 0-0 6. Re1 d6 7. c3 Bg4 8. Nbd2 Kh8 9. Nf1 Ng8 10. Ng3 Qd7 11. h3 Be6 12. Bb3 Na5 13. Bxe6 fxe6 14. Ng5 Bxg5 15. Bxg5 Nf6 16. Nh5 Nxh5 17. Qxh5 Nc6 18. Re3 d5 19. Rg3 d4 20. Rf1 Ne7 21. Bxe7 Qxe7 22. Qxe5 dxc3 23. Qxc3 Rad8 24. f4 Rd7 25. f5 e5 26. Kh2 Qf6 27. Rff3 Rfd8 28. Rg4 c6 29. Rfg3 b6 30. h4 c5 31. b3 a5 32. a4 h5 33. Rg5 Qf7 34. Qc2 Kg8 35. Rg6 Kf8 36. Qe2 Ke8 37. Qxh5 Re7 38. Qh8+ Kd7 39. Qxg7 Qxb3 40. Qf6 Rf7 41. Qc6+ Ke7 42. f6+ Rxf6 43. Rxf6 Rh8 44. Rg7+ Kd8 45. Qd7# 1-0

[Event "Swiss Queens Wed #43"]
[Site "FIDE Online Arena INT"]
[Date "2024.11.20"]
[Round "3"]
[White "Borisova, Ekaterina"]
[Black "Bubnova, Uliana"]
[Result "1-0"]
[WhiteElo "2236"]
[BlackElo "1852"]
[PlyCount "55"]
[EventDate "2024.11.20"]
[EventType "swiss (blitz)"]
[EventRounds "11"]
[EventCountry "NET"]
[SourceTitle "CB48_2024"]
[SourceDate "2024.11.28"]
[SourceVersion "1"]
[SourceVersionDate "2024.11.28"]
[SourceQuality "1"]

1. d4 d5 2. c4 dxc4 3. Nf3 a6 4. a4 e6 5. e3 Bb4+ 6. Nc3 b6 7. Bxc4 Bb7 8. 0-0 Nf6 9. Qe2 0-0 10. Rd1 Nbd7 11. Bd2 Qe7 12. Rac1 c5 13. Be1 Nd5 14. e4 Nf4 15. Qe3 cxd4 16. Nxd4 e5 17. Nf5 Qg5 18. Qg3 Qf6 19. Rxd7 Bxc3 20. Bxc3 Bxe4 21. Ne7+ Kh8 22. Re1 Rad8 23. Rxd8 Rxd8 24. Rxe4 Qxe7 25. Qxf4 Rd1+ 26. Bf1 Qd7 27. Qxe5 f6 28. Qe8+ 1-0

[Event "Swiss Queens Wed #43"]
[Site "FIDE Online Arena INT"]
[Date "2024.11.20"]
[Round "4"]
[White "Bubnova, Uliana"]
[Black "Girya, Olga"]
[Result "0-1"]
[WhiteElo "1852"]
[BlackElo "2398"]
[PlyCount "36"]
[EventDate "2024.11.20"]
[EventType "swiss (blitz)"]
[EventRounds "11"]
[EventCountry "NET"]
[SourceTitle "CB48_2024"]
[SourceDate "2024.11.28"]
[SourceVersion "1"]
[SourceVersionDate "2024.11.28"]
[SourceQuality "1"]

1. e4 e5 2. Nf3 Nc6 3. Bc4 Bc5 4. c3 Nf6 5. d4 exd4 6. e5 d5 7. Bb5 Ne4 8. cxd4 Bb6 9. Nc3 0-0 10. h3 f6 11. Qe2 Nxd4 12. Nxd4 Bxd4 13. Nxd5 Bxf2+ 14. Kd1 Qxd5+ 15. Kc2 Qxe5 16. Bd3 Bf5 17. g4 Qc5+ 18. Kb1 Ng3 0-1

[Event "Swiss Queens Wed #43"]
[Site "FIDE Online Arena INT"]
[Date "2024.11.20"]
[Round "7"]
[White "Bubnova, Uliana"]
[Black "Yashvi, Jain"]
[Result "1-0"]
[WhiteElo "1852"]
[BlackElo "1934"]
[PlyCount "95"]
[EventDate "2024.11.20"]
[EventType "swiss (blitz)"]
[EventRounds "11"]
[EventCountry "NET"]
[SourceTitle "CB48_2024"]
[SourceDate "2024.11.28"]
[SourceVersion "1"]
[SourceVersionDate "2024.11.28"]
[SourceQuality "1"]

1. e4 e5 2. Nf3 Nc6 3. Bc4 Bc5 4. 0-0 Nf6 5. d4 exd4 6. e5 d5 7. exf6 dxc4 8. Re1+ Be6 9. Ng5 g6 10. Qf3 0-0 11. Nxe6 fxe6 12. Bg5 Qd5 13. Qg4 Ne5 14. Qh4 Nf7 15. Bf4 g5 16. Qg3 Bd6 17. Bxd6 cxd6 18. Nd2 Nh6 19. Ne4 g4 20. h3 Qh5 21. h4 Nf5 22. Qf4 Qxh4 23. Nxd6 Rxf6 24. Nxf5 Rxf5 25. Qxd4 Raf8 26. g3 Qh3 27. Qe3 Rh5 28. Qxe6+ Kh8 29. f4 Qh2+ 30. Kf1 Qh1+ 31. Ke2 Qf3+ 32. Kd2 Rh2+ 33. Kc1 Qf2 34. Qe5+ Kg8 35. Qe4 Qd2+ 36. Kb1 Rf7 37. a3 Kg7 38. Qe5+ Kg8 39. Rc1 Qe2 40. Qg5+ Kf8 41. Qd8+ Kg7 42. Qd4+ Kg8 43. Ka2 Rf8 44. Re1 Qf2 45. Qxc4+ Kh8 46. Qc3+ Kg8 47. Re7 Rf7 48. Qb3 1-0

[Event "Swiss Queens Wed #37"]
[Site "FIDE Online Arena INT"]
[Date "2024.10.09"]
[Round "7"]
[White "Venskaya, Nika"]
[Black "Bubnova, Uliana"]
[Result "1-0"]
[WhiteElo "1871"]
[BlackElo "1853"]
[PlyCount "61"]
[EventDate "2024.10.09"]
[EventType "swiss (blitz)"]
[EventRounds "11"]
[EventCountry "NET"]
[SourceTitle "CB42_2024"]
[Source "ChessBase"]
[SourceDate "2024.10.16"]
[SourceVersion "1"]
[SourceVersionDate "2024.10.16"]
[SourceQuality "1"]

1. d4 d5 2. Nf3 Nf6 3. g3 c5 4. Bg2 Nc6 5. 0-0 e6 6. c4 cxd4 7. Nxd4 Bc5 8. Nb3 Bb6 9. cxd5 exd5 10. Bg5 Be6 11. Nc3 d4 12. Ne4 0-0 13. Nxf6+ gxf6 14. Bh6 Re8 15. Rc1 Bd5 16. e4 Be6 17. f4 Kh8 18. f5 Bxb3 19. Qxb3 Ne5 20. h3 Rg8 21. Kh2 Qd6 22. Bf4 Qe7 23. a4 Rad8 24. Rfd1 Nc6 25. Qf3 Bc7 26. Bxc7 Qxc7 27. b4 Qe7 28. b5 Ne5 29. Qf4 Qa3 30. Qh4 Qa2 31. Qxf6+ 1-0

[Event "Swiss Queens Wed #31"]
[Site "FIDE Online Arena INT"]
[Date "2024.08.28"]
[Round "11"]
[White "Bubnova, Uliana"]
[Black "Sriiyukthaa, Marksim Karki Abira"]
[Result "1-0"]
[WhiteElo "1888"]
[BlackElo "1484"]
[PlyCount "45"]
[EventDate "2024.08.28"]
[EventType "swiss (blitz)"]
[EventRounds "11"]
[EventCountry "NET"]
[SourceTitle "CBM 221 Extra"]
[Source "ChessBase"]
[SourceDate "2024.09.30"]
[SourceVersion "1"]
[SourceVersionDate "2024.09.30"]
[SourceQuality "1"]

1. e4 c5 2. Nf3 d6 3. d4 cxd4 4. Nxd4 Nf6 5. Nc3 g6 6. Be3 Bg7 7. Bc4 0-0 8. Bb3 Nc6 9. f3 Bd7 10. h4 Rc8 11. Qd2 h5 12. g4 hxg4 13. 0-0-0 gxf3 14. h5 Nxd4 15. Bxd4 b5 16. hxg6 b4 17. Qh2 bxc3 18. Bxf6 cxb2+ 19. Kb1 Re8 20. gxf7+ Kf8 21. Qh8+ Bxh8 22. fxe8Q+ Kxe8 23. Rxh8# 1-0

[Event "Swiss Queens Wed #31"]
[Site "FIDE Online Arena INT"]
[Date "2024.08.28"]
[Round "5"]
[White "Bubnova, Uliana"]
[Black "Yurukova, Ginka"]
[Result "1-0"]
[WhiteElo "1888"]
[BlackElo "1638"]
[PlyCount "33"]
[EventDate "2024.08.28"]
[EventType "swiss (blitz)"]
[EventRounds "11"]
[EventCountry "NET"]
[SourceTitle "CBM 221 Extra"]
[Source "ChessBase"]
[SourceDate "2024.09.30"]
[SourceVersion "1"]
[SourceVersionDate "2024.09.30"]
[SourceQuality "1"]

1. e4 c6 2. d4 d5 3. e5 Bf5 4. h4 h5 5. Bd3 Bxd3 6. Qxd3 e6 7. Bg5 Be7 8. Nf3 Nd7 9. Nbd2 a6 10. c4 dxc4 11. Nxc4 Nc5 12. Qe2 Bxg5 13. Nd6+ Kf8 14. Nxg5 Nh6 15. dxc5 Qa5+ 16. Kf1 b5 17. Rh3 1-0

[Event "Swiss Queens Wed #30"]
[Site "FIDE Online Arena INT"]
[Date "2024.08.21"]
[Round "3"]
[White "Bubnova, Uliana"]
[Black "Injac, Teodora"]
[Result "0-1"]
[WhiteElo "1888"]
[BlackElo "2411"]
[PlyCount "112"]
[EventDate "2024.08.21"]
[EventType "swiss (blitz)"]
[EventRounds "11"]
[EventCountry "NET"]
[SourceTitle "CBM 221 Extra"]
[Source "ChessBase"]
[SourceDate "2024.09.30"]
[SourceVersion "1"]
[SourceVersionDate "2024.09.30"]
[SourceQuality "1"]

1. e4 e6 2. d4 d5 3. e5 c5 4. c3 Nc6 5. Nf3 Qb6 6. a3 Nh6 7. b4 cxd4 8. cxd4 Nf5 9. Be3 Bd7 10. Bd3 Rc8 11. 0-0 Be7 12. Nc3 Nxb4 13. axb4 Rxc3 14. Qd2 Rxd3 15. Qxd3 Bb5 16. Qc3 Bxf1 17. Rxf1 0-0 18. Bd2 Nh4 19. Nxh4 Bxh4 20. g3 Be7 21. Rc1 h6 22. Qc7 Bd8 23. Qc3 Qb5 24. Qf3 Bb6 25. Qg4 Kh7 26. Kg2 Qd3 27. Be3 Qb3 28. Bd2 Qb2 29. Be3 Qxb4 30. Qe2 Qb3 31. Rc2 Kg8 32. Rb2 Qc3 33. Rc2 Qa1 34. Ra2 Qc3 35. Rc2 Qb4 36. Rb2 Qc4 37. Qd2 Rc8 38. Bxh6 gxh6 39. Qxh6 Qxd4 40. Qg5+ Kf8 41. Qh6+ Ke7 42. Qf6+ Ke8 43. Qh8+ Kd7 44. Qf6 Qxb2 45. Qxf7+ Kc6 46. Qxe6+ Kb5 47. Qxd5+ Rc5 48. Qd7+ Ka5 49. e6 Rc2 50. Qd5+ Bc5 51. Qd8+ b6 52. Kh3 Rxf2 53. Kg4 Rxh2 54. e7 Qg7+ 55. Kf4 Qxe7 56. Qd2+ Rxd2 0-1

[Event "Swiss Queens Wed #30"]
[Site "FIDE Online Arena INT"]
[Date "2024.08.21"]
[Round "6"]
[White "Tran, Hoang Bao An"]
[Black "Bubnova, Uliana"]
[Result "1-0"]
[WhiteElo "1669"]
[BlackElo "1888"]
[PlyCount "27"]
[EventDate "2024.08.21"]
[EventType "swiss (blitz)"]
[EventRounds "11"]
[EventCountry "NET"]
[SourceTitle "CBM 221 Extra"]
[Source "ChessBase"]
[SourceDate "2024.09.30"]
[SourceVersion "1"]
[SourceVersionDate "2024.09.30"]
[SourceQuality "1"]

1. e4 e5 2. Nf3 Nc6 3. Bb5 a6 4. Ba4 Nf6 5. 0-0 Be7 6. c3 b5 7. Bc2 0-0 8. d4 exd4 9. cxd4 d5 10. e5 Ne4 11. Nc3 Bf5 12. Re1 Nxc3 13. bxc3 Bxc2 14. Qxc2 1-0

[Event "Swiss Queens Wed #27"]
[Site "FIDE Online Arena INT"]
[Date "2024.07.31"]
[Round "11"]
[White "Bubnova, Uliana"]
[Black "Chitlange, Sakshi"]
[Result "1-0"]
[WhiteElo "1781"]
[BlackElo "2173"]
[PlyCount "63"]
[EventDate "2024.07.31"]
[EventType "swiss (blitz)"]
[EventRounds "11"]
[EventCountry "NET"]
[SourceTitle "CBM 221 Extra"]
[Source "ChessBase"]
[SourceDate "2024.09.30"]
[SourceVersion "1"]
[SourceVersionDate "2024.09.30"]
[SourceQuality "1"]

1. e4 c6 2. d4 d5 3. e5 c5 4. dxc5 e6 5. a3 Bxc5 6. Bd3 Ne7 7. Nf3 Nbc6 8. 0-0 Ng6 9. b4 Be7 10. Bb2 f6 11. b5 Ncxe5 12. Nxe5 fxe5 13. Bxg6+ hxg6 14. Bxe5 Bd6 15. Bxd6 Qxd6 16. h3 0-0 17. Nd2 e5 18. Ne4 Qe6 19. Ng5 Qd7 20. Qd3 Rf5 21. h4 e4 22. Qd4 Qxb5 23. Rae1 Bd7 24. Re3 Rc8 25. Rg3 Rxc2 26. h5 Qe2 27. hxg6 Bb5 28. Rb1 Rxf2 29. Qxd5+ Kf8 30. Qd8+ Be8 31. Ne6+ Kg8 32. Qxe8+ 1-0

[Event "Swiss Queens Wed #27"]
[Site "FIDE Online Arena INT"]
[Date "2024.07.31"]
[Round "4"]
[White "Bubnova, Uliana"]
[Black "Kubicka, Anna"]
[Result "1-0"]
[WhiteElo "1781"]
[BlackElo "2334"]
[PlyCount "85"]
[EventDate "2024.07.31"]
[EventType "swiss (blitz)"]
[EventRounds "11"]
[EventCountry "NET"]
[SourceTitle "CBM 221 Extra"]
[Source "ChessBase"]
[SourceDate "2024.09.30"]
[SourceVersion "1"]
[SourceVersionDate "2024.09.30"]
[SourceQuality "1"]

1. e4 c5 2. Nf3 d6 3. d4 cxd4 4. Nxd4 Nf6 5. Nc3 a6 6. Rg1 h5 7. h4 e5 8. Nb3 Nc6 9. Bg5 Be7 10. Qd2 Be6 11. 0-0-0 Qc7 12. Bxf6 gxf6 13. Nd5 Bxd5 14. exd5 Nd8 15. f4 b5 16. fxe5 fxe5 17. Bd3 Bxh4 18. g4 Nb7 19. gxh5 Nc5 20. Nxc5 Qxc5 21. h6 Bf2 22. Rge1 Bxe1 23. Rxe1 0-0-0 24. h7 Kb7 25. Kb1 f5 26. Bxf5 Rdf8 27. Qg5 Kb6 28. Be4 Qf2 29. Rc1 Qf6 30. Qe3+ Kb7 31. c4 Rc8 32. c5 Rxc5 33. Rxc5 dxc5 34. d6+ Kb6 35. d7 Qf1+ 36. Kc2 Qc4+ 37. Kb1 Qd4 38. Qf3 Qxd7 39. a3 Qd6 40. Qf7 Ka5 41. Qg7 Qf8 42. Qc7+ Ka4 43. Bc2# 1-0

[Event "Swiss Queens Wed #27"]
[Site "FIDE Online Arena INT"]
[Date "2024.07.31"]
[Round "5"]
[White "Bubnova, Uliana"]
[Black "Zhuravleva, Olga"]
[Result "1-0"]
[WhiteElo "1781"]
[BlackElo "2278"]
[PlyCount "139"]
[EventDate "2024.07.31"]
[EventType "swiss (blitz)"]
[EventRounds "11"]
[EventCountry "NET"]
[SourceTitle "CBM 221 Extra"]
[Source "ChessBase"]
[SourceDate "2024.09.30"]
[SourceVersion "1"]
[SourceVersionDate "2024.09.30"]
[SourceQuality "1"]

1. e4 e5 2. Nf3 Nc6 3. Bc4 Nf6 4. 0-0 Bc5 5. c3 d5 6. exd5 Nxd5 7. d4 exd4 8. cxd4 Be7 9. a3 0-0 10. Nc3 Nb6 11. Bd3 Bf6 12. Be3 Bg4 13. d5 Ne5 14. Be2 Nxf3+ 15. Bxf3 Bxf3 16. Qxf3 Bxc3 17. Bxb6 Bf6 18. Bc5 Re8 19. Rad1 b6 20. Bd4 Bxd4 21. Rxd4 Qd6 22. h3 Rad8 23. b4 h6 24. Rfd1 Re5 25. Qg3 Rde8 26. Qc3 R8e7 27. b5 Re2 28. Rg4 f5 29. Rg3 Qf4 30. Rf1 Qe4 31. Qf6 f4 32. Rg4 h5 33. Rg5 h4 34. Rg4 Qxd5 35. Qxf4 Qxb5 36. Rxh4 Qe5 37. Qc4+ Qe6 38. Qd3 Re1 39. Qh7+ Kf7 40. Rf4+ Ke8 41. Qh5+ Kd7 42. Rd4+ Kc6 43. Qf3+ Kc5 44. Qc3+ Kb5 45. Qd3+ Kc6 46. Qf3+ Kc5 47. Qc3+ Kb5 48. a4+ Ka6 49. Qd3+ Kb7 50. Qf3+ c6 51. Rxe1 Qxe1+ 52. Kh2 Qe5+ 53. Qf4 Qxf4+ 54. Rxf4 c5 55. h4 Kc6 56. g4 Kd5 57. h5 Ke5 58. Rf3 Kd4 59. g5 Re5 60. h6 Rxg5 61. h7 Rh5+ 62. Rh3 Rxh7 63. Rxh7 c4 64. Rxg7 c3 65. Rxa7 c2 66. Rc7 Kd3 67. f4 Kd2 68. Kg3 c1Q 69. Rxc1 Kxc1 70. f5 1-0

[Event "Swiss Queens Wed #27"]
[Site "FIDE Online Arena INT"]
[Date "2024.07.31"]
[Round "1"]
[White "Osmak, Iulija"]
[Black "Bubnova, Uliana"]
[Result "1-0"]
[WhiteElo "2464"]
[BlackElo "1781"]
[PlyCount "63"]
[EventDate "2024.07.31"]
[EventType "swiss (blitz)"]
[EventRounds "11"]
[EventCountry "NET"]
[SourceTitle "CBM 221 Extra"]
[Source "ChessBase"]
[SourceDate "2024.09.30"]
[SourceVersion "1"]
[SourceVersionDate "2024.09.30"]
[SourceQuality "1"]

1. d4 Nf6 2. c4 e6 3. Nc3 Bb4 4. Qc2 0-0 5. a3 Bxc3+ 6. Qxc3 b6 7. Bg5 Bb7 8. e3 d6 9. Ne2 Nbd7 10. Qd3 h6 11. Bh4 c5 12. Nc3 Qc7 13. f3 a6 14. Be2 cxd4 15. Qxd4 Rad8 16. 0-0 Qc6 17. Rac1 Rfe8 18. Rfd1 Nc5 19. Bxf6 gxf6 20. Qxf6 Kh7 21. b4 Nb3 22. Bd3+ Kg8 23. Qxh6 f5 24. Rb1 Kf7 25. Rxb3 Rh8 26. Qf4 Rdg8 27. Ne4 Ke7 28. Ng3 Rg4 29. Be4 Qd7 30. fxg4 fxe4 31. Nxe4 Rf8 32. Qxd6+ 1-0

[Event "Swiss Queens Wed #23"]
[Site "FIDE Online Arena INT"]
[Date "2024.07.03"]
[Round "8"]
[White "Bubnova, Uliana"]
[Black "Papp, Petra"]
[Result "0-1"]
[WhiteElo "1781"]
[BlackElo "2259"]
[PlyCount "40"]
[EventDate "2024.07.03"]
[EventType "swiss (blitz)"]
[EventRounds "11"]
[EventCountry "NET"]
[SourceTitle "CBM 221 Extra"]
[Source "ChessBase"]
[SourceDate "2024.09.30"]
[SourceVersion "1"]
[SourceVersionDate "2024.09.30"]
[SourceQuality "1"]

1. e4 c6 2. d4 d5 3. e5 c5 4. dxc5 e6 5. a3 Bxc5 6. Nf3 f6 7. exf6 Nxf6 8. Bd3 0-0 9. 0-0 Nc6 10. b4 Bd6 11. Bb2 Bd7 12. Re1 e5 13. Nxe5 Nxe5 14. Bxe5 Bxe5 15. Rxe5 Ng4 16. Rxd5 Qf6 17. Nd2 Qxf2+ 18. Kh1 Ne3 19. Bxh7+ Kh8 20. Qh5 Qxg2# 0-1

[Event "Swiss Queens Wed #23"]
[Site "FIDE Online Arena INT"]
[Date "2024.07.03"]
[Round "7"]
[White "Kubicka, Anna"]
[Black "Bubnova, Uliana"]
[Result "1-0"]
[WhiteElo "2334"]
[BlackElo "1781"]
[PlyCount "59"]
[EventDate "2024.07.03"]
[EventType "swiss (blitz)"]
[EventRounds "11"]
[EventCountry "NET"]
[SourceTitle "CBM 221 Extra"]
[Source "ChessBase"]
[SourceDate "2024.09.30"]
[SourceVersion "1"]
[SourceVersionDate "2024.09.30"]
[SourceQuality "1"]

1. e4 e5 2. Nf3 Nc6 3. Bc4 Nf6 4. d3 Be7 5. 0-0 0-0 6. a4 d6 7. Nc3 Kh8 8. h3 Ng8 9. Nd5 f5 10. Nxe7 Ncxe7 11. Ng5 Qe8 12. f4 h6 13. Ne6 Bxe6 14. Bxe6 fxe4 15. fxe5 Rxf1+ 16. Qxf1 dxe5 17. dxe4 Qc6 18. Bc4 Qxe4 19. Bd3 Qd4+ 20. Kh1 Nf6 21. Bxh6 e4 22. Bb5 Nh5 23. Qf7 Ng3+ 24. Kh2 gxh6 25. Qxe7 Nf5 26. Qxc7 Rg8 27. Bd7 Ne3 28. Rg1 Nd5 29. Qd6 e3 30. Qxh6# 1-0

[Event "Swiss Queens Wed #23"]
[Site "FIDE Online Arena INT"]
[Date "2024.07.03"]
[Round "2"]
[White "Yashvi, Jain"]
[Black "Bubnova, Uliana"]
[Result "0-1"]
[WhiteElo "1894"]
[BlackElo "1781"]
[PlyCount "104"]
[EventDate "2024.07.03"]
[EventType "swiss (blitz)"]
[EventRounds "11"]
[EventCountry "NET"]
[SourceTitle "CBM 221 Extra"]
[Source "ChessBase"]
[SourceDate "2024.09.30"]
[SourceVersion "1"]
[SourceVersionDate "2024.09.30"]
[SourceQuality "1"]

1. d4 Nf6 2. Nf3 d5 3. Bf4 c5 4. c3 Nc6 5. e3 Qb6 6. Qc2 g6 7. Nbd2 c4 8. b3 Bf5 9. Qc1 cxb3 10. axb3 Rc8 11. Qb2 Bg7 12. Be2 0-0 13. 0-0 Nh5 14. Bg3 Nxg3 15. hxg3 e5 16. Rfc1 Rfe8 17. Bf1 a6 18. dxe5 Nxe5 19. Nd4 Nd3 20. Bxd3 Bxd3 21. N2f3 Be4 22. Ra4 Qc7 23. Qd2 Qc5 24. c4 b5 25. Rxa6 dxc4 26. bxc4 bxc4 27. Ra5 Qc7 28. Nb5 Qb6 29. Qa2 c3 30. Nbd4 c2 31. Ng5 Qc7 32. Ra7 Qc4 33. Qxc4 Rxc4 34. Nxe4 Rxe4 35. Ra8+ Bf8 36. Nxc2 Re7 37. Rb1 Rxc2 38. Rbb8 Kg7 39. Rxf8 Rd7 40. Kh2 Rxf2 41. Rg8+ Kh6 42. Rgf8 Rdd2 43. g4 Rxg2+ 44. Kh3 Rge2 45. Ra5 g5 46. Ra6+ Kg7 47. Re8 Rh2+ 48. Kg3 h6 49. Re7 Rhg2+ 50. Kf3 Rdf2+ 51. Ke4 Rxg4+ 52. Kd3 Rgg2 0-1